| 000 | 00934nam a22002177a 4500 | ||
|---|---|---|---|
| 999 |
_c2740 _d2740 |
||
| 003 | AR-CdUCM | ||
| 008 | 190305b ||||| |||| 00| 0 spa d | ||
| 040 |
_aMUNICIPALIDAD PROVINCIAL DEL CUSCO _cBIBLIOTECA MUNICIPAL DEL CUSCO |
||
| 082 |
_a376.5 / _bM12 |
||
| 100 |
_aMac-Lean y Estenós, Roberto _99576 |
||
| 245 | _aLa crisis universitaria en Hispano-América / | ||
| 260 |
_aMéxico, D.F : _bInstituto de Investigaciones Sociales, Universidad Nacional, _c1956. |
||
| 300 |
_a235 paginas ; _c24 cm. |
||
| 505 | _aFunciones y órbita de la universidad Hispano-Americana -- La autonomía institucional y la libertad académica en las universidades Hispano-Americanas -- Economía y finanzas universitarias ... | ||
| 650 |
_aUniversidades _92151 |
||
| 650 |
_aReforma universitaria _91992 |
||
| 650 |
_aAmérica Latina _91130 |
||
| 710 |
_aUniversidad Nacional Autónoma de México _96778 |
||
| 942 |
_2ddc _cLIBROS |
||
| 945 | _aacv | ||